| 000 | 01057cam a2200289 a 4500 | ||
|---|---|---|---|
| 001 | 13428446 | ||
| 003 | OSt | ||
| 005 | 20151125111254.0 | ||
| 008 | 031208s2005 maua b 001 0 eng | ||
| 010 | _a 2003063894 | ||
| 020 | _a0205417922 | ||
| 040 |
_aDLC _cDLC _dDLC |
||
| 050 | 0 | 0 |
_aBF637.C45 _bB43 2005 |
| 082 | 0 | 0 |
_a153.6 _222 |
| 100 | 1 |
_aBeebe, Steven A., _d1950- |
|
| 245 | 1 | 0 |
_aInterpersonal communication : _brelating to others / _cSteven A. Beebe, Susan J. Beebe, Mark V. Redmond. |
| 250 | _a4th ed. | ||
| 260 |
_aBoston, MA : _bPearson/Allyn and Bacon, _cc2005. |
||
| 300 |
_axxviii, 419 p. : _bill. (chiefly col.) ; _c26 cm. |
||
| 504 | _aIncludes bibliographical references (p. 381-398) and index. | ||
| 650 | 0 |
_aInterpersonal communication _vTextbooks. |
|
| 700 | 1 | _aBeebe, Susan J. | |
| 700 | 1 |
_aRedmond, Mark V., _d1949- |
|
| 906 |
_a7 _bcbc _corignew _d1 _eocip _f20 _gy-gencatlg |
||
| 942 |
_2lcc _cBK |
||
| 999 |
_c251525 _d251525 |
||